MARC

LEADER 00000nam0a2200000 4500
001 319033
005 20231102003135.0
035 |a (RuTPU)RU\TPU\book\344538 
090 |a 319033 
100 |a 20160517d1950 k y0rusy50 ca 
101 0 |a rus 
102 |a RU 
105 |a a z 001zy 
200 1 |a Исследования по физике и химии каучука и резины  |f под ред. В. Ф. Евстратова, Б. А. Догадкина 
210 |a Москва  |a Ленинград  |c Госхимиздат  |d 1950 
215 |a 148 с.  |c ил. 
225 1 |a Труды научно-исследовательского института шинной промышленности 
320 |a Библиография в конце статей 
606 1 |a Каучук  |x Испытание  |2 stltpush  |3 (RuTPU)RU\TPU\subj\14137  |9 40601 
610 1 |a резина 
610 1 |a исследование 
610 1 |a свойства 
610 1 |a вулканизация 
610 1 |a кинетика 
610 1 |a пластикация 
675 |a 678.4.01:620.17  |v 4 
702 1 |a Евстратов  |b В. Ф.  |4 340 
702 1 |a Догадкин  |b Б. А.  |4 340 
801 1 |a RU  |b 63413507  |c 20160517 
801 2 |a RU  |b 63413507  |c 20200729  |g RCR 
942 |c BK